000 00507nam a2200169 i 4500
001 81798
003 ES-MaACL
005 20230906174520.0
007 t|
008 041108s1961 sp ||||1| spa d
100 1 _aIbáñez García, Miguel.
_964928
245 1 0 _aPráctica usual de la regla de cálculo /
_cpor Miguel Ibáñez García.
250 _a3ª ed. rev. y amp.
260 _aMadrid :
_bDossat,
_c1961.
300 _aXIV, 164 p., 9 lám. :
_bil. ;
_c21 cm.
852 _aES-MaACL
_jF-6287
_bR.48058
999 _c81798
_d81798